बढ़ती दूरियां : (Record no. 118990)

MARC details
000 -LEADER
fixed length control field 01354nam a22002777a 4500
005 - DATE AND TIME OF LATEST TRANSACTION
control field 20170124103125.0
010 ## - LIBRARY OF CONGRESS CONTROL NUMBER
LC control number B-040096
020 ## - INTERNATIONAL STANDARD BOOK NUMBER
Terms of availability 400.00
International Standard Book Number 8126700289
035 ## - SYSTEM CONTROL NUMBER
System control number B-040096
037 ## - SOURCE OF ACQUISITION
Source of stock number/acquisition Cen Lib / Ret
040 ## - CATALOGING SOURCE
Original cataloging agency DPL
Language of cataloging HN
082 ## - DEWEY DECIMAL CLASSIFICATION NUMBER
Classification number 305.8
Item number ज़करि
100 ## - MAIN ENTRY--PERSONAL NAME
Personal name ज़कारिया, रफीक
9 (RLIN) 82828
245 ## - TITLE STATEMENT
Title बढ़ती दूरियां :
Statement of responsibility, etc रफीक ज़कारिया ; अनुवादक राजम नटराजन पिल्लै
Remainder of title गहराती दरार /
246 ## - VARYING FORM OF TITLE
Title proper/short title Barhti dooriya : gehrati darar
Remainder of title by Rafeeq Zakariya ; anuvadak Rajam Natrajan pille
260 ## - PUBLICATION, DISTRIBUTION, ETC. (IMPRINT)
Place of publication, distribution, etc नयी दिल्ली
Name of publisher, distributor, etc राजकमल प्रकाशन
Date of publication, distribution, etc 2000
270 ## - ADDRESS
City नयी दिल्ली
Address 1-बी, नेताजी सुभाष मार्ग
Postal code 110002
300 ## - PHYSICAL DESCRIPTION
Extent xxvi,350पृ.
Dimensions 20सेमी (सजिल्द)
500 ## - GENERAL NOTE
General note गरंथ सूची शामिल
650 ## - SUBJECT ADDED ENTRY--TOPICAL TERM
Topical term or geographic name as entry element भारत - जातीय संबंधों
9 (RLIN) 7042
650 ## - SUBJECT ADDED ENTRY--TOPICAL TERM
Topical term or geographic name as entry element मुसलमानों - भारत
9 (RLIN) 82829
650 ## - SUBJECT ADDED ENTRY--TOPICAL TERM
Topical term or geographic name as entry element India -- Ethnic relations.
9 (RLIN) 82830
650 ## - SUBJECT ADDED ENTRY--TOPICAL TERM
Topical term or geographic name as entry element Muslims -- India.
9 (RLIN) 7069
700 ## - ADDED ENTRY--PERSONAL NAME
Personal name पिल्लै, राजम नटराजन
9 (RLIN) 82831
942 ## - ADDED ENTRY ELEMENTS (KOHA)
Source of classification or shelving scheme Dewey Decimal Classification
Koha item type Hindi Books
Classification part 305.8
Call number suffix ज़करि
Holdings
Withdrawn status Lost status Damaged status Not for loan Home library Current library Date acquired Source of acquisition Cost, normal purchase price Total Checkouts Full call number Barcode Date last seen Copy number Cost, replacement price Price effective from Koha item type
        Central Library Central Library 14/09/2015 Cen Lib/Ref 400.00   305.8 ज़करि B-040096 14/09/2015 1 400.00 14/09/2015 Hindi Books

© Delhi Public Library
Hit Counter
free hit counter